Nnete/ (Record no. 742931)
[ view plain ]
| 000 -LEADER | |
|---|---|
| fixed length control field | 00587nam a22002177a 4500 |
| 003 - CONTROL NUMBER IDENTIFIER | |
| control field | 330010 |
| 005 - DATE AND TIME OF LATEST TRANSACTION | |
| control field | 20260330122528.0 |
| 008 - FIXED-LENGTH DATA ELEMENTS--GENERAL INFORMATION | |
| fixed length control field | 230116b sa ||||| |||| 00| 0 eng d |
| 020 ## - INTERNATIONAL STANDARD BOOK NUMBER | |
| International Standard Book Number | <a href="9781920147426">9781920147426</a> |
| 040 ## - CATALOGING SOURCE | |
| Transcribing agency | rda |
| Original cataloging agency | 3228 |
| 942 ## - ADDED ENTRY ELEMENTS | |
| Creator ID | 169 |
| Creator Name | Boniswa Ngcongolo |
| Modifier ID | 416 |
| Modifier Name | Yoliswa Sabana |
| 100 ## - MAIN ENTRY--PERSONAL NAME | |
| Personal name | Nkadimeng SM |
| 245 ## - TITLE STATEMENT | |
| Title | Nnete/ |
| Cover Title | SM Nkadimeng |
| 250 ## - EDITION STATEMENT | |
| Edition statement | First Edition |
| 260 ## - PUBLICATION, DISTRIBUTION, ETC. | |
| Place of publication, distribution, etc. | South Africa: |
| Name of publisher, distributor, etc. | Hibbard Publishers, |
| Date of publication, distribution, etc. | 2011 |
| 300 ## - PHYSICAL DESCRIPTION | |
| Extent | 94 pages: |
| Dimensions | 21 centimetre. |
| 490 ## - SERIES STATEMENT | |
| Materials specified | Nnete |
| 650 ## - SUBJECT ADDED ENTRY--TOPICAL TERM | |
| Source of heading or term | Nnete |
| 760 ## - MAIN SERIES ENTRY | |
| Edition | first edition |
| 942 ## - ADDED ENTRY ELEMENTS | |
| Source of classification or shelving scheme | Dewey Decimal Classification |
| item type | Book |
| Edition | first edition |
| Withdrawn status | Lost status | Source of classification or shelving scheme | Damaged status | Not for loan | Collection code | Home library | Current library | Shelving location | Date acquired | Full call number | Barcode | Date last seen | Price effective from | item type | Cost, normal purchase price | Total Checkouts | Inventory number |
|---|---|---|---|---|---|---|---|---|---|---|---|---|---|---|---|---|---|
| Dewey Decimal Classification | Fiction | ERMELO REGIONAL LIBRARY | Carolina Public Library(main) | General Stacks | 16.01.2023 | PED F NKAD | 33228031003240 | 16.01.2023 | 16.01.2023 | Book | |||||||
| Dewey Decimal Classification | 800: Literature | Standerton Regional Library | Lebohang | General Stacks | 07.11.2023 | NSO 896.397712 NKAD | 33228031007516 | 07.11.2023 | 07.11.2023 | Book | 195.00 | ||||||
| Dewey Decimal Classification | Fiction | Mbombela City Library | Mbombela City Library | Fiction | 30.03.2026 | PED NKAD | 33228031032923 | 30.03.2026 | Book | 33228031032923 |